Mi cristo negro (Registro nro. 9364)

Detalles MARC
000 -CABECERA
Longitud fija campo de control 01383nam a2200373 i 4500
003 - • IDENTIFICADOR DELl NÚMERO DE CONTROL
Identificador del número de control CO-BoRNBP
005 - • FECHA Y HORA DE LA ÚLTIMA TRANSACCIÓN
Fecha y hora de la última transacción 20230411161521.0
007 - • CAMPO FIJO DE DESCRIPCIÓN FÍSICA
Campo fijo de descripción física ta
008 - • CÓDIGOS DE INFORMACIÓN DE LONGITUD FIJA
Códigos de información de longitud fija 220207t2021 ck ||||| |||| 00| fdspa d
020 ## - • NÚMERO INTERNACIONAL NORMALIZADO PARA LIBROS
Número Internacional Normalizado para Libros (ISBN) 9789587534382
040 ## - FUENTE DE LA CATALOGACIÓN
Centro catalogador de origen CO-BoRNBP
Lengua de catalogación spa
Normas de descripción rda
Centro transcriptor CO-BoRNBP
041 0# - • CÓDIGO DE LENGUA
Código de lengua del texto/banda sonora o título independiente spa
043 ## - CÓDIGO DE ÁREA GEOGRÁFICA
Código de área geográfica s-ck---
082 04 - • NÚMERO DE LA CLASIFICACIÓN DECIMAL DEWEY
Número de clasificación (R) 860.8
Número del ítem M35b6
Número de edición 23
245 00 - • TITULO PROPIAMENTE DICHO
Título Mi cristo negro
Resto del título Teresa Martínez de Valera
Mención de responsabilidad, etc. prólogo Yijhán Rentería Salazar ; edición Camila Charry Noriega ; corrección Ludwing Cépeda Aparicio
250 ## - • MENCIÓN DE EDICIÓN
Mención de edición Octava edición
264 #1 - PRODUCCIÓN, PUBLICACIÓN , DISTRIBUCIÓN, FABRICACIÓN Y COPYRIGHT
Lugar de producción, publicación, distribución, fabricación Bogotá, Colombia
Nombre del productor, editor, distribuidor, fabricante Ministerio de Cultura
Fecha de de producción, publicación, distribución, fabricación o copyright 2021
264 #4 - PRODUCCIÓN, PUBLICACIÓN , DISTRIBUCIÓN, FABRICACIÓN Y COPYRIGHT
Fecha de de producción, publicación, distribución, fabricación o copyright ©2021
300 ## - • DESCRIPCIÓN FÍSICA
Extensión 658 páginas
Dimensiones 21 cm
336 ## - TIPO DE CONTENIDO
Término de tipo de contenido texto
Código de tipo de contenido txt
Fuente rdacontent
337 ## - TIPO DE MEDIO
Nombre del tipo de medio sin mediación
Código del tipo de medio n
Fuente rdamedia
338 ## - TIPO DE SOPORTE
Nombre del tipo de soporte volumen
Código del tipo de soporte nc
Fuente rdacarrier
490 0# - • MENCIÓN DE SERIE
Mención de serie Biblioteca de Escritoras Colombianas
Designación de volumen o secuencia 6
490 0# - • MENCIÓN DE SERIE
Mención de serie Novela
500 ## - • NOTA GENERAL
Nota general Incluye datos biográficos de la autora
600 14 - • PUNTO DE ACCESO ADICIONAL DE MATERIA - NOMBRE DE PERSONA
Nombre de persona Martínez de Valera, Teresa
Fechas asociadas al nombre 1913-1998
Subdivisión de forma (R ) Biografías
650 17 - • PUNTO DE ACCESO ADICIONAL DE MATERIA - TÉRMINO DE MATERIA
Término de materia o nombre geográfico como elemento inicial Novela histórica colombiana
Subdivisión cronológica Siglo XIX
Fuente del encabezamiento o término ARMARC
650 17 - • PUNTO DE ACCESO ADICIONAL DE MATERIA - TÉRMINO DE MATERIA
Término de materia o nombre geográfico como elemento inicial Literatura colombiana
Subdivisión cronológica Siglo XIX
Fuente del encabezamiento o término ARMARC
650 17 - • PUNTO DE ACCESO ADICIONAL DE MATERIA - TÉRMINO DE MATERIA
Término de materia o nombre geográfico como elemento inicial Negros en la literatura
Subdivisión cronológica Siglo XIX
Fuente del encabezamiento o término ARMARC
700 1# - • PUNTO DE ACCESO ADICIONAL - NOMBRE DE PERSONA
Nombre de persona Rentería Salazar, Yijhán
Término indicativo de función prologuista
700 1# - • PUNTO DE ACCESO ADICIONAL - NOMBRE DE PERSONA
Nombre de persona Charry Noriega, Camila
Término indicativo de función editora
700 1# - • PUNTO DE ACCESO ADICIONAL - NOMBRE DE PERSONA
Nombre de persona Cépeda Aparicio, Ludwing
Término indicativo de función corrector
942 ## - ENTRADA DE ELEMENTOS AGREGADOS (KOHA)
Fuente de clasificaión o esquema Dewey Decimal Classification
Koha [por defecto] tipo de item LIbro
Existencias
Perdido Fuente de clasificación o esquema Estado Físico No para préstamo Forma de adquisición Localización permanente Localización actual Localización en estanterías Fecha adquisición Préstamos totales Signatura completa Código de barras Fecha última consulta Número de copia Fecha del precio de reemplazo Tipo de item de Koha Note pública Fuente de adquisición Calificador de ubicación codificada
  Dewey Decimal Classification     Colección General Biblioteca Pública Cubarral Biblioteca Pública Cubarral General 08/11/2023   860.8 M35b6 CUB02968 08/11/2023 Ej.1 08/11/2023 LIbro      
  Dewey Decimal Classification     Colección General Biblioteca Pública Dorado Biblioteca Pública Dorado Literatura 02/19/2024   860.8 M35b6 DOR02612 02/19/2024 Ej.1 02/19/2024 LIbro      
        Literatura General Biblioteca Pública Departamental Eduardo Carranza - Villavicencio Biblioteca Pública Departamental Eduardo Carranza - Villavicencio Literatura 08/30/2022   N MAR83m ECA28264 11/26/2024 Ej.1 11/26/2024 LIbro 21553 | 27229    
  Dewey Decimal Classification     Colección General Biblioteca Pública Guamal Biblioteca Pública Guamal General 04/11/2023   860.8 M35b6 GUA003054 04/11/2023 Ej.1 04/11/2023 Libro Literatura      
  Dewey Decimal Classification     Colección General Biblioteca Pública La Macarena Biblioteca Pública La Macarena Literatura 09/11/2025   860.8 M35b6 LM03416 09/11/2025 Ej.1 09/11/2025 LIbro      
  Dewey Decimal Classification     Colección General Biblioteca Pública Mapiripan Biblioteca Pública Mapiripan Literatura 01/30/2024   860.8 M35b6 MAP00004019 01/30/2024 Ej.1 01/30/2024 LIbro      
  Dewey Decimal Classification     Colección General Biblioteca Pública Rural El Yarí- vereda Playa Rica La Macarena Biblioteca Pública Rural El Yarí- vereda Playa Rica La Macarena General 12/18/2023   860.8 M35b6 9789587534382 04/15/2025 Ej.1 04/15/2025 LIbro   ministerio de cultura 9789587534382









Instituto Departamental de Cultura del Meta - Red Departamental de Bibliotecas Públicas del Meta.